Access 2000 VBA Handbook

Access 2000 is here, and never has the power of Access depended so much on VBA programming. This makes the Access 2000 VBA Handbook essential reading if you want to use Microsoft's popular database product to its full advantage. If you're an Access user, you'll benefit from step-by-st...

Ful tanımlama

Kaydedildi:
Detaylı Bibliyografya
Yazar: Novalis, Susann
Materyal Türü: Kitap
Dil:Undetermined
Baskı/Yayın Bilgisi: San Francisco Sybex 1999
Konular:
Etiketler: Etiketle
Etiket eklenmemiş, İlk siz ekleyin!
Thư viện lưu trữ: Trung tâm Học liệu Trường Đại học Cần Thơ
LEADER 01000nam a2200193Ia 4500
001 CTU_214408
008 210402s9999 xx 000 0 und d
082 |a 005.7565 
082 |b N935 
100 |a Novalis, Susann 
245 0 |a Access 2000 VBA Handbook 
245 0 |c Susann Novalis 
260 |a San Francisco 
260 |b Sybex 
260 |c 1999 
520 |a Access 2000 is here, and never has the power of Access depended so much on VBA programming. This makes the Access 2000 VBA Handbook essential reading if you want to use Microsoft's popular database product to its full advantage. If you're an Access user, you'll benefit from step-by-step coverage of VBA basics that will simplify your work. If you're a developer, you'll master the high-end techniques introduced in the latest release-so you can stay on top of your job. 
650 |a Database management,Quản trị cơ sở dữ liệu 
904 |i Thoa, Hải 
980 |a Trung tâm Học liệu Trường Đại học Cần Thơ